| 000 | 00501nam a2200181Ia 4500 | ||
|---|---|---|---|
| 999 |
_c37145 _d37145 |
||
| 003 | OSt | ||
| 005 | 20200917144730.0 | ||
| 008 | 190216s9999||||xx |||||||||||||| ||und|| | ||
| 020 | _a9780849311468 | ||
| 040 | _coclc | ||
| 082 |
_a610.28 _bWAY/L |
||
| 100 |
_aWaynant, Ronald W _94707 |
||
| 245 | 0 |
_aLasers In Medicine / _cRonald W Waynant |
|
| 260 |
_bCrc Press, _c2015. _aNew York: |
||
| 300 | _a335p | ||
| 650 | _aPhysics | ||
| 942 |
_cREF _2ddc _h610.28 _iWAY/L _k610.28 _mWAY/L |
||